000 01276nam a22003255a 4500
003 EG-ScBUE
005 20220525123011.0
008 100701s2005 enka f 000 0 eng d
020 _a0582825202 (Work book)
020 _a9780582825208 (Workbook)
040 _aEG-ScBUE
_beng
_erda
_cEG-ScBUE
_dEG-ScBUE
082 0 4 _a428.24
_bCOM
_222
100 1 _aComyns Carr, Jane,
_eauthor.
_914285
245 1 0 _aNew cutting edge,
_pIntermediate,
_pWorkbook /
_cJanes Comyns Carr, Frances Eales
246 3 4 _aNew cutting edge,
_pIntermediate,
_pWorkbook with key
264 1 _aHarlow, England :
_bPearson Education Limited,
_c2005.
300 _a111 pages :
_billustrations ;
_c28 cm
336 _2rdacontent
_atext
_btxt
337 _2rdamedia
_aunmediated
_bn
338 _2rdacarrier
_avolume
_bnc
500 _aon the cover : New Cutting edge. Intermediate WorkBook with key
650 7 _aEnglish language
_vTextbooks for foreign speakers.
_2BUEsh
_913993
650 7 _aEnglish language
_xStudy and teaching
_xForeign speakers.
_2BUEsh
_910860
650 7 _aEnglish language
_xGrammar
_vProblems, exercises, etc.
_2BUEsh
_913890
651 _2BUEsh
653 _bHHUUEENN
_cDecember2018
655 _vReading book
_934232
700 1 _aEales, Frances,
_eauthor.
_99991
942 _2ddc
_cBB
999 _c14848
_d14848